|
|
|
|
| LEADER |
00000nab a2200000 a 4500 |
| 001 |
vtls000265714 |
| 003 |
SK-MaSNL |
| 005 |
20260304051001.0 |
| 008 |
250422c1986 xo 0 slo |
| 015 |
|
|
|a SNBRB19rr/mm-uuuuu
|
| 035 |
|
|
|a CL0275828
|
| 035 |
|
|
|a urn:nbn:sk:snk-ab6qot
|
| 035 |
|
|
|a (uuid)9afe9ae6-1935-4ba8-95cb-53998e72cd9b
|
| 035 |
|
|
|a (urnnbn)urn:nbn:sk:snk:ar-a058zy
|
| 035 |
|
|
|a (sysno)vtls000265714
|
| 040 |
|
|
|a SNKBUCL
|b slo
|c SNKBUCL
|e AACR2
|
| 041 |
0 |
|
|a slo
|
| 044 |
|
|
|a xo
|c SK
|
| 080 |
|
|
|a 338.2:061.3
|2 1981
|
| 080 |
|
|
|a 061.3
|2 1981
|
| 080 |
|
|
|a 339.922
|2 1981
|
| 100 |
1 |
|
|a Kollár, Jozef,
|d 1961-
|4 aut
|9 48611
|
| 245 |
1 |
0 |
|a Vedecké sympózium Základné tendencie zdokonaľovania hospodárskeho mechanizmu a zmluvy vo vonkajšom ekonomickom prostredí
|c Jozef Kollár
|
| 650 |
0 |
7 |
|a mechanizmus hospodársky
|2 snkbucl
|9 385380
|
| 655 |
|
7 |
|a články z novín a časopisov
|2 snkbucl
|9 267496
|
| 773 |
0 |
|
|t Ekonomický časopis
|g Roč. 34, č. 6 (1986), s. 586-588
|
| 850 |
|
|
|a Slovenská národná knižnica
|
| 852 |
|
|
|a Slovenská národná knižnica
|
| 954 |
|
|
|a odborná, vedecká literatúra pôvodná (slovenská)
|2 lita
|
| 957 |
|
|
|a 5211
|
| 958 |
|
|
|a article27
|
| 958 |
|
|
|a RK
|
| 958 |
|
|
|a OND
|
| 958 |
|
|
|a EUIPO
|
| 992 |
|
|
|a RBX
|
| 999 |
|
|
|c 2701310
|d 2703240
|